| 000 | 00420nam a2200157Ia 4500 | ||
|---|---|---|---|
| 003 | OSt | ||
| 005 | 20220613042910.0 | ||
| 008 | 151021s9999 xx 000 0 und d | ||
| 040 |
_aMMU _beng _cMMU _dMMU |
||
| 050 | _aKPL1002 .A28 2005 | ||
| 245 |
_aKenya Gazette Supplement : _bacts 2005. |
||
| 260 |
_aNairobi : _bGovernment printer, _c2005. |
||
| 300 | _a305 p. : | ||
| 650 | _a_forest act. | ||
| 942 |
_2lcc _cLOAN LOAN |
||
| 999 |
_c14748 _d14748 |
||